[Event "HUN-chT2 Toth 0304"]
[Site "Hungary"]
[Date "2003.11.30"]
[Round "4"]
[White "Balog, Imre"]
[Black "Csernovics, Gabor"]
[Result "1-0"]
[WhiteElo "2086"]
[BlackElo "2129"]
[PlyCount "73"]
[EventDate "2003.09.28"]
[EventType "team-tourn"]
[EventRounds "11"]
[EventCountry "HUN"]
[SourceTitle "EXT 2009"]
[Source "ChessBase"]
[SourceDate "2008.11.26"]
[SourceVersion "1"]
[SourceVersionDate "2008.11.26"]
[SourceQuality "1"]
[WhiteTeam "Bekes"]
[BlackTeam "Kiskunhalas"]
[WhiteTeamCountry "HUN"]
[BlackTeamCountry "HUN"]

1. d4 Nf6 2. c4 g6 3. Nc3 Bg7 4. e4 d6 5. g3 0-0 6. Bg2 Na6 7. Nge2 c5 8. d5 Nc7 9. 0-0 a6 10. f4 b5 11. e5 Nfe8 12. b3 Rb8 13. Be3 Bg4 14. Rc1 bxc4 15. bxc4 dxe5 16. Bxc5 Nd6 17. h3 Bxe2 18. Nxe2 Rb2 19. fxe5 Bxe5 20. Rc2 Qb8 21. Bd4 Bxd4+ 22. Nxd4 Qb4 23. Rxb2 Qxb2 24. c5 Nc4 25. Qd3 Ne5 26. Qe4 f6 27. d6 exd6 28. cxd6 Nb5 29. Qd5+ Nf7 30. Ne6 Nc3 31. Qc5 Re8 32. Qc6 Ne2+ 33. Kh2 Rb8 34. d7 Nd8 35. Nxd8 Rxd8 36. Qe6+ Kg7 37. Qe7+ 1-0

[Event "HUN-chT3 0001"]
[Site "Hungary"]
[Date "2001.03.25"]
[Round "9.3"]
[White "Jansik, Andras"]
[Black "Csernovics, Gabor"]
[Result "0-1"]
[WhiteElo "2057"]
[BlackElo "2119"]
[PlyCount "64"]
[EventDate "2000.10.29"]
[EventType "team-tourn"]
[EventRounds "11"]
[EventCountry "HUN"]
[SourceTitle "EXT 2007"]
[Source "ChessBase"]
[SourceDate "2006.11.23"]
[SourceVersion "1"]
[SourceVersionDate "2006.11.23"]
[SourceQuality "1"]

1. e4 d6 2. d4 Nf6 3. Nc3 g6 4. h3 Bg7 5. Nf3 0-0 6. Bc4 Na6 7. 0-0 c5 8. Bg5 cxd4 9. Nxd4 Qb6 10. Nb3 Be6 11. Be3 Qb4 12. Bxa6 bxa6 13. a3 Qb7 14. f3 Bxb3 15. cxb3 a5 16. Rf2 Rfb8 17. Bd4 Qxb3 18. f4 Qc4 19. Rd2 Nh5 20. Bxg7 Kxg7 21. f5 Nf6 22. Qf3 Nd7 23. Rad1 Ne5 24. Qg3 Rb3 25. Qh4 f6 26. fxg6 hxg6 27. Nd5 Rh8 28. Qf2 Qxe4 29. Rd4 Rbxh3 30. Qxf6+ exf6 31. Rxe4 Rh1+ 32. Kf2 Rxd1 0-1

[Event "Balatonbereny op"]
[Site "Balatonbereny"]
[Date "1997.??.??"]
[Round "5"]
[White "Csernovics, Gabor"]
[Black "Jamrich, Gyorgy"]
[Result "1/2-1/2"]
[WhiteElo "2180"]
[BlackElo "2235"]
[PlyCount "87"]
[EventDate "1997.??.??"]
[EventType "swiss"]
[EventRounds "9"]
[EventCountry "HUN"]
[SourceTitle "EXT 2001"]
[Source "ChessBase"]
[SourceDate "2000.11.22"]
[SourceVersion "1"]
[SourceVersionDate "2000.11.22"]
[SourceQuality "1"]

1. d4 e6 2. Nf3 f5 3. Bf4 b6 4. e3 Bb7 5. Nbd2 Nf6 6. h3 g6 7. c3 Bg7 8. Bd3 0-0 9. Qc2 a5 10. 0-0-0 d6 11. Rhg1 a4 12. Bc4 d5 13. Be2 c5 14. Ne5 a3 15. b3 Ba6 16. Bxa6 Nxa6 17. Ndf3 b5 18. Kb1 Rc8 19. Bg5 Qd6 20. Bxf6 Bxf6 21. Qe2 Rc7 22. Rc1 Qb6 23. Rgd1 Rfc8 24. Qd2 Qd6 25. Qe2 c4 26. b4 Nxb4 27. cxb4 Qxb4+ 28. Ka1 c3 29. Nd3 Qb2+ 30. Nxb2 cxb2+ 31. Qxb2 axb2+ 32. Kxb2 Be7 33. Rxc7 Rxc7 34. Nd2 Kf8 35. Nb3 Ke8 36. Rc1 Rc4 37. Rc2 Kd7 38. Nd2 Ra4 39. Nb3 Ba3+ 40. Kb1 Rc4 41. Nd2 Ra4 42. Nb3 Ra7 43. Nc5+ Kd6 44. Nd3 1/2-1/2

[Event "Balatonbereny op"]
[Site "Balatonbereny"]
[Date "1997.??.??"]
[Round "3"]
[White "Csernovics, Gabor"]
[Black "Schwarz, A."]
[Result "1/2-1/2"]
[WhiteElo "2180"]
[BlackElo "2230"]
[PlyCount "60"]
[EventDate "1997.??.??"]
[EventType "swiss"]
[EventRounds "9"]
[EventCountry "HUN"]
[SourceTitle "EXT 2001"]
[Source "ChessBase"]
[SourceDate "2000.11.22"]
[SourceVersion "1"]
[SourceVersionDate "2000.11.22"]
[SourceQuality "1"]

1. d4 Nf6 2. Nf3 g6 3. Bf4 Bg7 4. e3 d6 5. h3 Nbd7 6. c4 0-0 7. Nc3 c6 8. Be2 a6 9. a4 a5 10. 0-0 Re8 11. Bh2 e5 12. dxe5 dxe5 13. Nxe5 Qb6 14. Nd3 Bf8 15. Qc2 Nc5 16. Nxc5 Bxc5 17. Bd3 Be6 18. Ne4 Nxe4 19. Bxe4 Rad8 20. Rad1 Qb4 21. b3 Bb6 22. Rxd8 Rxd8 23. Be5 Rd2 24. Qc3 Bc5 25. Bf3 Qxc3 26. Bxc3 Rd3 27. Rc1 Rxe3 28. fxe3 Bxe3+ 29. Kf1 Bxc1 30. Bxa5 Kf8 1/2-1/2